000 00538nam a2200157Ia 4500
008 240729s9999 xx 000 0 und d
022 _a2285-3952
245 0 _aScientific Papers Series : Management, Economic Engineering in Agriculture and Rural Development
260 _aRomania
260 _bUniversity of Agricultural Sciences and Veterinary Medicine, Bucharest
650 _a Agriculture (General)
650 _aAgriculture
856 _uhttps://doaj.org/toc/9d64b85e9d36469b9a93014bdf01b8a1
942 _2ddc
942 _cDOAJEJ
999 _c68806
_d68806
945 _a1
_bMadushi Gamage
_c1
_dMadushi Gamage